000 01124nam a2200301 4500
003 EC-UNACH
005 20251118112742.0
006 s||||gr|||| 00| 00
008 150116t9999 mx r gr 000 0 spa d
020 _aS/N
040 _aEC-UNACH
_cEC-UNACH
041 _aspa
082 0 4 _223
_a050
_bL018342
110 _aS/N
245 _aComunidades indígenas y afrodescendientes en los servicios públicos de salud
250 _aPrimera edición
264 _aEcuador
_bS/N
_c2011
300 _a290
505 _aCapitulo 1 - presentación - - Capitulo 2- Acompañando la diferencia - - Capitulo 3- Bolivia - - Capitulo 4- Colombia - - Capitulo 5- Ecuador - - Capitulo 6- Perú - - Capitulo 7 - Venezuela - - Capitulo 8- Lecciones aprendidas y perspectivas.
650 _aANTECEDENTES Y JUSTIFICACIÓN
650 _aMARCO NORMATIVO Y CONCEPTUAL
650 _aOBJETIVOS
700 _aRed andina de sindicatos de la salud de la internacional de servicios públicos - ISP
942 _2ddc
_c1
999 _c14198